| 000 | 00464nam a22001817a 4500 | ||
|---|---|---|---|
| 003 | CEME | ||
| 005 | 20210628205955.0 | ||
| 008 | 210202b xxu||||| |||| 00| 0 eng d | ||
| 040 | _c. | ||
| 082 | _a297.1221 USM | ||
| 100 |
_aTaqi Usmani _977720 |
||
| 245 | _aAloom- ul- quran | ||
| 260 |
_aLAHORE _bMAKTABA DAR-UL-ALOOM _c2004 |
||
| 300 | _a508P | ||
| 650 |
_aISLAM-ALOOM- UL- QURAN _977721 |
||
| 700 |
_aUSMANI, MUFTI MUHAMMAD TAQI _951056 |
||
| 942 |
_cBK _2ddc |
||
| 999 |
_c582937 _d582937 |
||